| 000 | nam a22 7a 4500 | ||
|---|---|---|---|
| 999 |
_c27624 _d27624 |
||
| 008 | 170209b xxu||||| |||| 00| 0 eng d | ||
| 020 | _a9780618052837 | ||
| 050 | _aQA 154.2 .L37 2001 | ||
| 100 |
_aLarson, Ron. _d2001 |
||
| 245 |
_aAlgebra and trigonometry/ _cRon Larson, Robert P. Hostetler. |
||
| 250 | _a5th ed. | ||
| 260 |
_aNew york: _bHoughton mifflin company, _c2001. |
||
| 300 |
_axxiii, 855, [165]p.: _bill.; _c26cm. |
||
| 521 | _aIncludes bibliographical references and index. | ||
| 650 | _aAlgebra. | ||
| 700 | _aHostetler, Robert. | ||
| 942 |
_2lcc _cBOOKS _hQA 154.2 .L37 2001 |
||